Địa lý du lịch Nhật Bản

Tallennettuna:
Bibliografiset tiedot
Päätekijä: Sơn, Hồng Đức
Aineistotyyppi: Kirja
Kieli:Undetermined
Julkaistu: Hà Nội Lao động xã hội 2004
Aiheet:
Tagit: Lisää tagi
Ei tageja, Lisää ensimmäinen tagi!
Thư viện lưu trữ: Trung tâm Học liệu Trường Đại học Cần Thơ
LEADER 00572nam a2200205Ia 4500
001 CTU_73835
008 210402s9999 xx 000 0 und d
020 |b 25000 
082 |a 915.52 
082 |b Đ552 
100 |a Sơn, Hồng Đức 
245 0 |a Địa lý du lịch Nhật Bản 
245 0 |c Sơn Hồng Đức 
260 |a Hà Nội 
260 |b Lao động xã hội 
260 |c 2004 
650 |a Japan 
650 |x Description and travel 
904 |i Tuyến, Qhieu 
980 |a Trung tâm Học liệu Trường Đại học Cần Thơ